000 04363cam a2200733 i 4500
001 20415508
003 NUST
005 20220825163750.0
008 180322t20182018nyu 001 0aeng d
010 _a 2017416945
020 _a9781250192455
_q(hardcover)
020 _a1250192455
_q(hardcover)
020 _z9781250192462
_q(ebook)
035 _a(OCoLC)on1022941434
037 _bSt Martins Pr, C/O Mps 16365 James Madison Hwy Us Hwy 15, Gordonsville, VA, USA, 22942, (212)6745151
_nSAN 631-5011
038 _aAzhar
040 _aCN5O4
_beng
_cCN5O4
_erda
_dZQP
_dOCLCF
_dPX0
_dJOY
_dKYC
_dYDX
_dJQR
_dTCH
_dQQ3
_dBUR
_dOCLCO
_dBKL
_dQX9
_dFBR
_dZHB
_dWLU
_dFYM
_dINR
_dEYP
_dQ2V
_dIWC
_dHTPCL
_dNDS
_dRB0
_dTXNEW
_dOBE
_dVP@
_dT7R
_dDLC
042 _alccopycat
043 _an-us---
050 0 0 _aHV8144.F43
_bC66 2018
082 0 0 _a363.25092
_bCOM
100 1 _aComey, James B.,
_cJr.,
_d1960-
_eauthor.
_997573
245 1 2 _aA higher loyalty :
_btruth, lies, and leadership
_cJames Comey.
246 3 0 _aTruth, lies, and leadership
246 3 _aTruth, lies, & leadership
250 _aFirst Edition.
260 _aNew York :
_bFlatiron Books,
_c2018
264 4 _c©2018
300 _axii, 290 pages ;
_c25 cm
336 _atext
_btxt
_2rdacontent
337 _aunmediated
_bn
_2rdamedia
338 _avolume
_bnc
_2rdacarrier
500 _a"April 2018"--Title page verso.
500 _aIncludes index.
505 0 _aIntroduction -- The life -- This thing of ours -- The bully -- Meaning -- The easy lie -- On the tracks -- Confirmation bias -- In Hoover's shadow -- The Washington listen -- Roadkill -- Speak or conceal -- Trump Tower -- Tests of loyalty -- The cloud -- Epilogue.
520 _aFormer FBI director James Comey shares his experiences from his two decades in government, exploring what good, ethical leadership looks like, and how it drives sound decisions. His journey provides an entry into the corridors of power and a lesson in what makes an effective leader. Mr. Comey served as director of the FBI from 2013 to 2017, appointed to the post by President Barack Obama. He previously served as U.S. attorney for the Southern District of New York and as the U.S. Deputy Attorney General in the administration of President George W. Bush. From prosecuting the Mafia and Martha Stewart to helping change the Bush administration's policies on torture and electronic surveillance, overseeing the Hillary Clinton e-mail investigation as well as ties between the Trump campaign and Russia, Comey has been involved in some of the most consequential cases and policies of recent history.
600 1 0 _aComey, James B.,
_cJr.,
_d1960-
_997573
600 1 0 _aTrump, Donald,
_d1946-
_993769
600 1 0 _aBush, George W.
_q(George Walker),
_d1946-
_997574
600 1 4 _aComey, James B.,
_cJr.,
_d1960-
_997573
610 1 0 _aUnited States.
_bDepartment of Justice
_xOfficials and employees
_vBiography.
_997575
610 1 0 _aUnited States.
_bFederal Bureau of Investigation
_xOfficials and employees
_vBiography.
_997576
610 1 0 _aUnited States.
_bDepartment of Justice.
_997577
610 1 0 _aUnited States.
_bFederal Bureau of Investigation.
_922643
610 1 4 _aUnited States
_bFederal Bureau of Investigation
_xOfficials and employees
_vBiography.
_997576
650 0 _aPresidents
_zUnited States
_xElection
_y2016.
_997578
650 0 _aPolitical ethics.
650 0 _aWar on Terrorism, 2001-2009
_vPersonal narratives.
_997579
650 0 _aLeadership.
650 1 _aLeadership.
_998525
650 4 _aLeadership.
_998525
650 7 _aBIOGRAPHY & AUTOBIOGRAPHY / Political.
_2bisacsh
_993841
650 7 _aPOLITICAL SCIENCE / American Government / National.
_2bisacsh
_993842
650 7 _aHISTORY / United States / 21st Century.
_2bisacsh
_997581
651 0 _aUnited States
_xPolitics and government
_y2001-2009.
_98292
651 0 _aUnited States
_xPolitics and government
_y2009-2017.
_997582
651 0 _aUnited States
_xPolitics and government
_y2017-
_994973
651 4 _aUnited States
_xPolitics and government
_y2009-2017.
_997582
655 7 _aAutobiographies.
_2lcgft
_993795
906 _a7
_bcbc
_ccopycat
_du
_encip
_f20
_gy-gencatlg
942 _2ddc
_cLC
999 _c591104
_d591104